Gaming Quiz

Random Gaming or Video Games Quiz

Super Mario Bros. 1-1 Quiz Stats

 Plays Quiz Updated Sep 16, 2017

Challenge
Share
Tweet
Score 0/249 Timer 03:00
11 Plays Today
% Correct
Mario
98.3%
Mario
98.3%
Mario
98.3%
Mario
98.3%
Mario
98.3%
Mario
98.3%
Mario
98.3%
Mario
98.3%
Mario
98.3%
Mario
98.3%
Mario
98.3%
Mario
98.3%
Mario
98.3%
Mario
98.3%
Mario
98.3%
Mario
98.3%
Mario
98.3%
Mario
98.3%
Mario
98.3%
Mario
98.3%
Mario
98.3%
Jump
96.9%
Jump
96.9%
Jump
96.9%
Jump
96.9%
Jump
96.9%
Jump
96.9%
Jump
96.9%
Jump
96.9%
Jump
96.9%
Jump
96.9%
Jump
96.9%
Jump
96.9%
Jump
96.9%
Jump
96.9%
Jump
96.9%
Jump
96.9%
Jump
96.9%
Jump
96.9%
Jump
96.9%
Jump
96.9%
Jump
96.9%
Mushroom
95.2%
Mushroom
95.2%
Mushroom
95.2%
Mushroom
95.2%
Mushroom
95.2%
Mushroom
95.2%
Mushroom
95.2%
Mushroom
95.2%
Mushroom
95.2%
Mushroom
95.2%
Mushroom
95.2%
Mushroom
95.2%
Mushroom
95.2%
Mushroom
95.2%
Mushroom
95.2%
Mushroom
95.2%
Mushroom
95.2%
Mushroom
95.2%
Mushroom
95.2%
Mushroom
95.2%
Mushroom
95.2%
Coins
93%
Coins
93%
Coins
93%
Coins
93%
Coins
93%
Coins
93%
Coins
93%
Coins
93%
Coins
93%
Coins
93%
Coins
93%
Coins
93%
Coins
93%
Coins
93%
Coins
93%
Coins
93%
Coins
93%
Coins
93%
Coins
93%
Coins
93%
% Correct
Coins
93%
Coins
93%
Coins
93%
Coins
93%
Nintendo Entertain-
ment System
91.8%
Nintendo Entertain-
ment System
91.8%
Nintendo Entertain-
ment System
91.8%
Nintendo Entertain-
ment System
91.8%
Nintendo Entertain-
ment System
91.8%
Nintendo Entertain-
ment System
91.8%
Nintendo Entertain-
ment System
91.8%
Nintendo Entertain-
ment System
91.8%
Nintendo Entertain-
ment System
91.8%
Nintendo Entertain-
ment System
91.8%
Nintendo Entertain-
ment System
91.8%
Nintendo Entertain-
ment System
91.8%
Nintendo Entertain-
ment System
91.8%
Nintendo Entertain-
ment System
91.8%
Nintendo Entertain-
ment System
91.8%
Nintendo Entertain-
ment System
91.8%
Nintendo Entertain-
ment System
91.8%
Nintendo Entertain-
ment System
91.8%
Nintendo Entertain-
ment System
91.8%
Nintendo Entertain-
ment System
91.8%
Nintendo Entertain-
ment System
91.8%
Nintendo Entertain-
ment System
91.8%
Nintendo Entertain-
ment System
91.8%
Nintendo Entertain-
ment System
91.8%
Nintendo Entertain-
ment System
91.8%
Nintendo Entertain-
ment System
91.8%
Nintendo Entertain-
ment System
91.8%
Nintendo Entertain-
ment System
91.8%
Nintendo Entertain-
ment System
91.8%
Nintendo Entertain-
ment System
91.8%
Plumber
90.9%
Plumber
90.9%
Plumber
90.9%
Plumber
90.9%
Plumber
90.9%
Plumber
90.9%
Plumber
90.9%
Plumber
90.9%
Plumber
90.9%
Plumber
90.9%
Plumber
90.9%
Plumber
90.9%
Plumber
90.9%
Plumber
90.9%
Plumber
90.9%
Plumber
90.9%
Plumber
90.9%
Plumber
90.9%
Plumber
90.9%
Plumber
90.9%
Plumber
90.9%
Move, Etc.
90.1%
Move, Etc.
90.1%
Move, Etc.
90.1%
Move, Etc.
90.1%
Move, Etc.
90.1%
Move, Etc.
90.1%
Move, Etc.
90.1%
Move, Etc.
90.1%
Move, Etc.
90.1%
Move, Etc.
90.1%
Move, Etc.
90.1%
Move, Etc.
90.1%
Move, Etc.
90.1%
Move, Etc.
90.1%
Move, Etc.
90.1%
Move, Etc.
90.1%
Move, Etc.
90.1%
Move, Etc.
90.1%
Move, Etc.
90.1%
Move, Etc.
90.1%
Move, Etc.
90.1%
Bricks
87.9%
Bricks
87.9%
Bricks
87.9%
Bricks
87.9%
Bricks
87.9%
Bricks
87.9%
Bricks
87.9%
% Correct
Bricks
87.9%
Bricks
87.9%
Bricks
87.9%
Bricks
87.9%
Bricks
87.9%
Bricks
87.9%
Bricks
87.9%
Bricks
87.9%
Bricks
87.9%
Bricks
87.9%
Bricks
87.9%
Bricks
87.9%
Bricks
87.9%
Bricks
87.9%
Run, Etc.
84.8%
Run, Etc.
84.8%
Run, Etc.
84.8%
Run, Etc.
84.8%
Run, Etc.
84.8%
Run, Etc.
84.8%
Run, Etc.
84.8%
Run, Etc.
84.8%
Run, Etc.
84.8%
Run, Etc.
84.8%
Run, Etc.
84.8%
Run, Etc.
84.8%
Run, Etc.
84.8%
Run, Etc.
84.8%
Run, Etc.
84.8%
Run, Etc.
84.8%
Run, Etc.
84.8%
Run, Etc.
84.8%
Run, Etc.
84.8%
Run, Etc.
84.8%
Run, Etc.
84.8%
Run, Etc.
84.8%
Goombas
79.3%
Goombas
79.3%
Goombas
79.3%
Goombas
79.3%
Goombas
79.3%
Goombas
79.3%
Goombas
79.3%
Goombas
79.3%
Goombas
79.3%
Goombas
79.3%
Goombas
79.3%
Goombas
79.3%
Goombas
79.3%
Goombas
79.3%
Goombas
79.3%
Goombas
79.3%
Goombas
79.3%
Goombas
79.3%
Goombas
79.3%
Goombas
79.3%
Goombas
79.3%
Goombas
79.3%
Goombas
79.3%
Goombas
79.3%
Question block
76.2%
Question block
76.2%
Question block
76.2%
Question block
76.2%
Question block
76.2%
Question block
76.2%
Question block
76.2%
Question block
76.2%
Question block
76.2%
Question block
76.2%
Question block
76.2%
Question block
76.2%
Question block
76.2%
Question block
76.2%
Question block
76.2%
Question block
76.2%
Question block
76.2%
Question block
76.2%
Question block
76.2%
Question block
76.2%
Question block
76.2%
Question block
76.2%
Question block
76.2%

You're not logged in!

Compare scores with friends on all Sporcle quizzes.
Join for Free
OR
Log In

You Might Also Like...

Show Comments

Extras

Top Quizzes Today


Score Distribution

Your Account Isn't Verified!

In order to create a playlist on Sporcle, you need to verify the email address you used during registration. Go to your Sporcle Settings to finish the process.

Report this User

Report this user for behavior that violates our Community Guidelines.

Details: